000
00304nam a22001217a 4500
999
_c
6060
_d
6060
245
_a
Bills of Exchange Act, 1961 (Act 55)
_c
by Republic of Ghana
246
_a
Act 55
260
_a
Accra
_b
Assembly Press
300
_a
45p.
440
_a
Acts of Parliament
650
_a
Bills and Exchange Act
942
_c
REF